Statistics for Zendaya

Click here to take the quiz!

General Stats

  • This quiz has been taken 60 times
  • The average score is 3 of 10

Answer Stats

HintAnswer% Correct
How old is Zendaya?21
87%
Zendaya's #1 Played Song?Replay
56%
Zenday's Shoe Size?9
53%
Zendaya's Dress Size?4
40%
Zendaya's Full Name?Zendaya Maree Stoermer Coleman
29%
Zendaya's Birth Date?September 1, 1996
27%
What is Zendaya's hometown?Oakland, California
16%
What is Zendaya's Favorite Colors?Purple, Pink, Silver
4%
Zendaya's Favorite Song?Swag It Out
4%
Zendaya's Fav Food?Dark Coffee Ice Cream
2%

Score Distribution

Percentile by Number Answered

Percent of People with Each Score

Your Score History

You have not taken this quiz